000 00755nam a22002297a 4500
005 20170124110216.0
010 _aA-704139
020 _c00.00
_a8122406211
035 _aA-704139
037 _bCen Lib/Ret
040 _aDPL
_bEN
082 _a954.0842
_bCAM
100 _aCampbell-Johnson, Alan
_939141
245 _aMission with Mountbatten /
_cby Alan Campbell-Johnson
260 _aNew Delhi
_bWiley Eastern Limited
_c1994
270 _a4835/24, Ansari Road, Daryganj
_bNew Delhi
_e110002
300 _a383p. :
_c22cm(Hb)
_bill.
500 _aIncludes index
650 _aMountbatten of Burma, Louis Mountbatten, -- Earl, -- 1900-1979
_9105493
650 _aIndia -- History -- 1947
_9105494
942 _2ddc
_cEN
_h954.0842
_mCAM
999 _c133871
_d133871